000 01105nam a22004210a 4500
001 PT43170
003 AR-LpoUNG
005 20210131230947.0
008 191001s2010||||ag |||||||||||||||||spa d
020 _a9789876291361
_c$10.90
040 _aAR-LpoUNG
_bspa
_cAR-LpoUNG
_eaacr
041 _aspa
044 _aag
082 0 _a982.064 491gob
100 1 _aServetto, Alicia
245 1 0 _a73/76 :
_bel gobierno peronista contra las "provincias montoneras"
250 _a1ª ed.
260 _aBuenos Aires :
_bSiglo Veintiuno,
_c2010.
300 _a281 p. :
_bgráfs.
650 4 _aANALISIS HISTORICO
650 4 _aARGENTINA
650 4 _aCAMPOS DE CONCENTRACION
650 4 _aCONFLICTOS POLITICOS
650 4 _aCONFLICTOS SOCIALES
650 4 _aGOBIERNO
650 4 _aHISTORIA
650 4 _aIDEOLOGIAS POLITICAS
650 4 _aINVESTIGACION
650 4 _aJEFES DE ESTADO
650 4 _aLIDERAZGO POLITICO
650 4 _aPOLITICA
651 4 _aArgentina
653 _aMONTONEROS
653 _aPERON, JUAN DOMINGO
653 _aPERONISMO
905 _a43170
942 _cLIB
999 _c7160
_d7160